Topology symposium, Siegen 1979
Uloženo v:
| Hlavní autoři: | , |
|---|---|
| Médium: | Kniha |
| Jazyk: | angličtina |
| Vydáno: |
Berlín
Springer-Verlag
1980
|
| Edice: | Lecture Notes in Mathematics, 788
|
| Témata: | |
| Tagy: |
Přidat tag
Žádné tagy, Buďte první, kdo vytvoří štítek k tomuto záznamu!
|
MARC
| LEADER | 00000nam a2200000 a 4500 | ||
|---|---|---|---|
| 001 | UCQ9599 | ||
| 003 | CL-VaPUC | ||
| 005 | 20230629111848.0 | ||
| 008 | 990112e19800000gw 1 eng d | ||
| 082 | 0 | 4 | |a 514 |b KOS |2 21 |
| 100 | 1 | |a Koschorke, Ulrich |e author |9 619280 | |
| 700 | 1 | |a Neumann, Walter D |e author |9 619281 | |
| 245 | 1 | 0 | |a Topology symposium, Siegen 1979 |
| 260 | |a Berlín |b Springer-Verlag |c 1980 | ||
| 300 | |a 495 p | ||
| 490 | 0 | |a Lecture Notes in Mathematics, 788 | |
| 583 | |a last modification |c 19990112 00:00:00 |k Rodrigo Vera | ||
| 650 | 0 | 0 | |a Topología |9 260092 |
| 650 | 0 | 0 | |a Topología diferencial |9 423983 |
| 650 | 0 | 0 | |a Topología algebraica |9 269858 |
| 650 | 0 | 7 | |a TEORIA DE LA HOMOTOPIA |2 CL-VaPUC |9 619283 |
| 650 | 0 | 0 | |a Congresos |9 257560 |
| 942 | |c BK | ||
| 945 | |a crobeson |d 19990112 00:00:00 | ||
| 546 | |a En Inglés | ||
| 518 | |p Topology Symposium, Siegen, 14 al 19 de junio de 1979 | ||
| 999 | |c 383334 |d 383332 | ||
| 952 | |0 0 |1 0 |4 0 |6 514_000000000000000_KOS_1980 |7 0 |8 A |9 505426 |a BIBMAT |b BIBMAT |d 2020-01-23 |i 1316672 |o 514 KOS 1980 |p 1316672 |r 2025-01-07 |w 2020-01-23 |y BK |k MAT | ||
| 952 | |0 0 |1 0 |4 0 |6 514_000000000000000_KOS_1980 |7 0 |8 A |9 505427 |a BIBMAT |b BIBMAT |d 2020-01-23 |i 1319035 |o 514 KOS 1980 |p 1319035 |r 2025-01-07 |w 2020-01-23 |y BK |k MAT | ||